History Quiz

Random History or Famous Quiz

Famous Historical 'K' First Names Quiz Stats

 Plays Quiz Updated Apr 5, 2015

Challenge
Share
Tweet
Embed
Score 0/30 Timer 05:00
6 Plays Today
% Correct
Karl
98.5%
Kevin
98.3%
Kelly
93.2%
Kobe
89.6%
Kareem
88.8%
Kirk
88.2%
Kelsey
86.7%
Kylie
86.2%
Kris
85.5%
Kurt
85.1%
Katharine
84.4%
Kathy
83%
Kofi
82.3%
Karen
78.3%
Ki-moon
76%
% Correct
Katarina
72.9%
Kathryn
72.8%
Khaled
72.4%
Kit
72.3%
Ken
71.9%
Kazuo
70.8%
Klaus
69.9%
Karol
57.8%
Konrad
56.8%
Khaleda
56.4%
Knute
50.7%
Knut
44.5%
Kim
44.2%
Karolos
39.2%
Konstantin
26.7%

You're not logged in!

Compare scores with friends on all Sporcle quizzes.
OR
Log In

You Might Also Like...

Show Comments

Extras

Top Quizzes Today


Score Distribution

Your Account Isn't Verified!

In order to create a playlist on Sporcle, you need to verify the email address you used during registration. Go to your Sporcle Settings to finish the process.

Report this User

Report this user for behavior that violates our Community Guidelines.

Details: